000 00576nam a2200241Ia 4500
005 20260320201058.0
008 008 262003s9999 xx 000 0 eng d
037 _aEBOOK
040 _aCRL
040 _beng
040 _cCRL
041 _2eng
041 _aeng
084 _qCRL
100 _aCherkassky
_91134199
245 0 _aLearning from Data: Concepts, Theory, and Methods
260 _bIEEE
260 _c2007
856 _uhttps://ieeexplore.ieee.org/servlet/opac?bknumber=5201503
942 _cEBOOK
999 _c1718732
_d1718732